000 00299nam a22001337a 4500
008 171006b xxu||||| |||| 00| 0 eng d
020 _a9780136061670
041 _aeng
080 _a159.9
100 _a49
101 _aPSI
245 _aDISCOVERING THE LIFE SPAN
_cFELDMAN, R.S
942 _2udc
_cBK
999 _c32224
_d32224